[Event "Hauts de Seine-ch"]
[Site "Issy les Moulineaux"]
[Date "2014.05.04"]
[Round "3"]
[White "Dal Borgo, Albin"]
[Black "Leclerc, Arnaud"]
[Result "1-0"]
[WhiteElo "2189"]
[BlackElo "1918"]
[PlyCount "93"]
[EventDate "2014.05.04"]
[EventType "swiss"]
[EventRounds "5"]
[EventCountry "FRA"]
[SourceTitle "EXT 2015"]
[Source "ChessBase"]
[SourceDate "2014.11.20"]
[SourceVersion "1"]
[SourceVersionDate "2014.11.20"]
[SourceQuality "1"]

1. c4 e5 2. Nc3 Nc6 3. g3 f5 4. d3 Nf6 5. Bg2 Bc5 6. e3 0-0 7. Nge2 d6 8. 0-0 a6 9. Rb1 Qe8 10. Nd5 Nxd5 11. cxd5 Ne7 12. d4 Bb6 13. dxe5 dxe5 14. d6 Ng6 15. dxc7 Bxc7 16. Bxb7 Rb8 17. Bxc8 Qxc8 18. f4 Kh8 19. Nc3 exf4 20. exf4 Bb6+ 21. Kg2 Rd8 22. Qf3 Qc4 23. b3 Qe6 24. Rb2 Rbc8 25. Re2 Qf7 26. Bb2 Rd7 27. Na4 Ba7 28. Rfe1 Rcd8 29. Bc3 h6 30. Qc6 Rc7 31. Qe6 Kh7 32. Qxf7 Rxf7 33. Re6 Rd3 34. Rxa6 Be3 35. Re6 Bxf4 36. Rxg6 Bd2 37. Rd1 Kxg6 38. Rxd2 Rxd2+ 39. Bxd2 Rc7 40. Nc3 Rd7 41. Be1 Kg5 42. b4 f4 43. gxf4+ Kxf4 44. a4 g5 45. b5 Ke3 46. a5 Kd4 47. a6 1-0

[Event "Hauts de Seine-ch"]
[Site "Issy les Moulineaux"]
[Date "2014.05.04"]
[Round "2"]
[White "Travadon, Loic"]
[Black "Dal Borgo, Albin"]
[Result "1/2-1/2"]
[WhiteElo "1840"]
[BlackElo "2189"]
[PlyCount "147"]
[EventDate "2014.05.04"]
[EventType "swiss"]
[EventRounds "5"]
[EventCountry "FRA"]
[SourceTitle "EXT 2015"]
[Source "ChessBase"]
[SourceDate "2014.11.20"]
[SourceVersion "1"]
[SourceVersionDate "2014.11.20"]
[SourceQuality "1"]

1. d4 d5 2. Nf3 Nf6 3. c4 e6 4. cxd5 exd5 5. Nc3 c6 6. Bf4 Bf5 7. Qb3 Qb6 8. e3 Nbd7 9. Be2 Be7 10. 0-0 0-0 11. Rac1 h6 12. h3 Rfe8 13. Nd2 Bf8 14. Na4 Qa5 15. Nc3 Qb6 16. Na4 Qxb3 17. Nxb3 Ne4 18. Bf3 Nd6 19. Bxd6 Bxd6 20. Nac5 Nxc5 21. Nxc5 Rab8 22. Rc3 Bc8 23. Nd3 Re7 24. Rfc1 Bd7 25. Nc5 Be8 26. Bg4 g6 27. Bf3 f5 28. Rb3 f4 29. Bg4 Kf7 30. exf4 h5 31. Bf3 Bxf4 32. Rd1 Bd6 33. Rc3 Rd8 34. Kf1 b6 35. Nd3 Bd7 36. Rcc1 Rde8 37. a3 a5 38. b4 Kg7 39. Rc3 axb4 40. axb4 b5 41. Nc5 Bxc5 42. Rxc5 Ra8 43. Rcc1 Ra4 44. Rb1 Bf5 45. Rb2 Be4 46. Be2 Rea7 47. f3 Bf5 48. g4 hxg4 49. hxg4 Bd7 50. Kf2 g5 51. Rc1 Ra1 52. Rxa1 Rxa1 53. Ke3 Be8 54. Bd3 Ra3 55. Ke2 Bf7 56. Bf5 Bg6 57. Bxg6 Kxg6 58. Rc2 Ra6 59. Kf2 Kf6 60. Kg3 Kf7 61. Rc3 Ra4 62. Rb3 Ra1 63. Kf2 Rc1 64. Ke2 Rc4 65. Ke3 Kg6 66. Kd3 Kf7 67. Rb1 Kf6 68. Rb2 Kg6 69. Rb1 Kg7 70. Rb3 Kg6 71. Ke3 Kg7 72. Kd3 Kg6 73. Rc3 Kf6 74. Rb3 1/2-1/2

[Event "Charleroi op"]
[Site "Charleroi"]
[Date "2013.08.02"]
[Round "8"]
[White "Van Houtte, Thierry"]
[Black "Dal Borgo, Albin"]
[Result "1/2-1/2"]
[WhiteElo "2174"]
[BlackElo "2203"]
[PlyCount "43"]
[EventDate "2013.07.27"]
[EventType "swiss"]
[EventRounds "9"]
[EventCountry "BEL"]
[SourceTitle "CBM 155 Extra"]
[Source "ChessBase"]
[SourceDate "2013.08.26"]
[SourceVersion "1"]
[SourceVersionDate "2013.08.26"]
[SourceQuality "1"]

1. e4 e5 2. Nf3 Nc6 3. d4 exd4 4. Nxd4 Qf6 5. Nb5 Bc5 6. Qe2 Qd8 7. Be3 Bxe3 8. Qxe3 a6 9. N5c3 Nge7 10. Nd2 0-0 11. 0-0-0 d6 12. f4 Bg4 13. Nf3 b5 14. h3 Bxf3 15. Qxf3 Qb8 16. Nd5 Nxd5 17. exd5 Na5 18. Bd3 Re8 19. Rhe1 Qd8 20. Rxe8+ Qxe8 21. Qf2 Qd8 22. Rh1 1/2-1/2

[Event "Charleroi op"]
[Site "Charleroi"]
[Date "2013.08.01"]
[Round "7"]
[White "Degembe, Pierre"]
[Black "Dal Borgo, Albin"]
[Result "0-1"]
[WhiteElo "2018"]
[BlackElo "2203"]
[PlyCount "56"]
[EventDate "2013.07.27"]
[EventType "swiss"]
[EventRounds "9"]
[EventCountry "BEL"]
[SourceTitle "CBM 155 Extra"]
[Source "ChessBase"]
[SourceDate "2013.08.26"]
[SourceVersion "1"]
[SourceVersionDate "2013.08.26"]
[SourceQuality "1"]

1. c4 e5 2. g3 Nf6 3. Bg2 c6 4. d4 exd4 5. Qxd4 Na6 6. Nf3 Nb4 7. Na3 d5 8. 0-0 Be7 9. cxd5 Qxd5 10. Qxd5 Nfxd5 11. e4 Nb6 12. Be3 0-0 13. Nd4 Nd3 14. Rab1 Nxb2 15. Nac2 N6c4 16. Bc1 Nd3 17. a4 Rd8 18. Rb3 Nxc1 19. Rxc1 Na5 20. Rbb1 Bc5 21. Nb3 Nxb3 22. Rxb3 Rd2 23. Ne3 b6 24. e5 Be6 25. Rbc3 Rc8 26. R1c2 Bxe3 27. fxe3 Rxc2 28. Rxc2 c5 0-1

[Event "Charleroi op"]
[Site "Charleroi"]
[Date "2013.07.29"]
[Round "4"]
[White "Dal Borgo, Albin"]
[Black "Vandevoort, Pascal"]
[Result "1/2-1/2"]
[WhiteElo "2203"]
[BlackElo "2384"]
[PlyCount "48"]
[EventDate "2013.07.27"]
[EventType "swiss"]
[EventRounds "9"]
[EventCountry "BEL"]
[SourceTitle "CBM 155 Extra"]
[Source "ChessBase"]
[SourceDate "2013.08.26"]
[SourceVersion "1"]
[SourceVersionDate "2013.08.26"]
[SourceQuality "1"]

1. c4 Nf6 2. g3 g6 3. Bg2 Bg7 4. Nc3 0-0 5. e4 d6 6. Nge2 c5 7. 0-0 Nc6 8. d3 Ne8 9. Rb1 Nc7 10. a3 Rb8 11. b4 b6 12. b5 Nd4 13. Nxd4 Bxd4 14. Ne2 Bg4 15. Kh1 Bxe2 16. Qxe2 Ne6 17. Bh3 Nc7 18. Bd2 e6 19. f4 f5 20. exf5 exf5 21. Rfe1 h5 22. Bg2 Bf6 23. Bc6 Kg7 24. Qd1 Rh8 1/2-1/2

[Event "BEL-chT 1112"]
[Site "Belgium"]
[Date "2012.04.01"]
[Round "11.7"]
[White "Dal Borgo, Albin"]
[Black "Kartsev, Alexandr"]
[Result "1/2-1/2"]
[WhiteElo "2220"]
[BlackElo "2174"]
[PlyCount "80"]
[EventDate "2011.10.09"]
[EventType "team-tourn"]
[EventRounds "11"]
[EventCountry "BEL"]
[SourceTitle "EXT 2013"]
[Source "ChessBase"]
[SourceDate "2012.11.22"]
[SourceVersion "1"]
[SourceVersionDate "2012.11.22"]
[SourceQuality "1"]
[WhiteTeam "Charleroi CREC"]
[BlackTeam "Amay"]
[WhiteTeamCountry "BEL"]
[BlackTeamCountry "BEL"]

1. c4 e5 2. g3 Nf6 3. Bg2 d5 4. cxd5 Nxd5 5. Nf3 Nc6 6. 0-0 Be7 7. d4 e4 8. Ne5 Nxe5 9. dxe5 Bf5 10. Bxe4 Ne3 11. Bxe3 Bxe4 12. Nc3 Bc6 13. Qxd8+ Rxd8 14. Rfd1 0-0 15. Rxd8 Rxd8 16. Rd1 Rxd1+ 17. Nxd1 a5 18. Bd2 a4 19. a3 Bd5 20. Nc3 Bb3 21. e4 c6 22. Be3 b5 23. Ne2 Bc2 24. f3 Bd1 25. Nd4 Bc5 26. Kf2 Bxd4 27. Bxd4 Kf8 28. f4 Ke7 29. f5 g6 30. Ke3 Bc2 31. Kf4 Kd7 32. Bc5 Bb1 33. h4 Bc2 34. g4 Bd3 35. e6+ fxe6 36. fxg6 hxg6 37. h5 gxh5 38. gxh5 Ke8 39. e5 Kf7 40. Kg5 Bc2 1/2-1/2

[Event "Brasschaat op 11th"]
[Site "Brasschaat"]
[Date "2011.08.28"]
[Round "9"]
[White "Den Boer, Lennard"]
[Black "Dal Borgo, Albin"]
[Result "0-1"]
[WhiteElo "1958"]
[BlackElo "2179"]
[PlyCount "58"]
[EventDate "2011.08.20"]
[EventType "swiss"]
[EventRounds "9"]
[EventCountry "BEL"]
[SourceTitle "CBM 144 Extra"]
[Source "ChessBase"]
[SourceDate "2011.10.28"]
[SourceVersion "1"]
[SourceVersionDate "2011.10.28"]
[SourceQuality "1"]

1. e4 e6 2. d4 d5 3. e5 c5 4. c3 Qb6 5. Nf3 Bd7 6. Be2 cxd4 7. cxd4 Bb5 8. 0-0 Bxe2 9. Qxe2 Ne7 10. b3 Nec6 11. Bb2 Be7 12. Qe3 Nd7 13. Ne1 a5 14. Nc3 Qxd4 15. Qxd4 Nxd4 16. Rd1 Nc6 17. Nb5 0-0 18. Nd3 a4 19. Bc3 Rfc8 20. Rc1 axb3 21. axb3 Ra2 22. Bb4 Ndxe5 23. Nxe5 Bxb4 24. Nd4 Ne7 25. Nd3 Rxc1 26. Nxc1 Ra8 27. Nd3 Bc3 28. Nb5 Bf6 29. f4 Ra1 0-1

[Event "Brasschaat op 11th"]
[Site "Brasschaat"]
[Date "2011.08.22"]
[Round "3"]
[White "Dal Borgo, Albin"]
[Black "Cankja, Redi"]
[Result "1-0"]
[WhiteElo "2179"]
[BlackElo "1945"]
[PlyCount "91"]
[EventDate "2011.08.20"]
[EventType "swiss"]
[EventRounds "9"]
[EventCountry "BEL"]
[SourceTitle "CBM 144 Extra"]
[Source "ChessBase"]
[SourceDate "2011.10.28"]
[SourceVersion "1"]
[SourceVersionDate "2011.10.28"]
[SourceQuality "1"]

1. c4 c6 2. Nf3 d5 3. d4 Nf6 4. e3 Bf5 5. Nc3 e6 6. Nh4 Bg4 7. Qb3 Qc7 8. h3 Bh5 9. g4 Bg6 10. Nxg6 hxg6 11. Bg2 Nbd7 12. Bd2 dxc4 13. Qxc4 Nb6 14. Qb3 Nfd5 15. Ne2 Bd6 16. Ba5 Qe7 17. a3 Nc8 18. Bd2 g5 19. Nc3 Nxc3 20. bxc3 Rb8 21. c4 0-0 22. 0-0 e5 23. Rfd1 Qf6 24. Bc3 Ne7 25. Ra2 Ng6 26. Rad2 Rfd8 27. Be4 Bc7 28. Bxg6 Qxg6 29. dxe5 Rxd2 30. Rxd2 b6 31. Rd7 Rc8 32. Qd1 Qe6 33. Rxc7 Rxc7 34. Qd8+ Kh7 35. Qxc7 Qxc4 36. e6 Qxe6 37. Qd8 f6 38. Qd3+ Kh6 39. Bd2 c5 40. e4 Qe5 41. h4 Kg6 42. hxg5 Qa1+ 43. Kg2 Qd1 44. e5+ Kf7 45. Qd7+ Kg6 46. Qe8+ 1-0

[Event "BEL-chT 1011"]
[Site "Belgium"]
[Date "2011.01.09"]
[Round "6.8"]
[White "Munster, Pierre"]
[Black "Dal Borgo, Albin"]
[Result "1/2-1/2"]
[WhiteElo "2100"]
[BlackElo "2205"]
[PlyCount "32"]
[EventDate "2010.09.26"]
[EventType "team-tourn"]
[EventRounds "11"]
[EventCountry "BEL"]
[SourceTitle "EXT 2012"]
[Source "ChessBase"]
[SourceDate "2011.11.24"]
[SourceVersion "1"]
[SourceVersionDate "2011.11.24"]
[SourceQuality "1"]
[WhiteTeam "Amay"]
[BlackTeam "Charleroi CREC"]
[WhiteTeamCountry "BEL"]
[BlackTeamCountry "BEL"]

1. Nf3 Nf6 2. g3 d5 3. Bg2 e6 4. 0-0 c5 5. d3 Nc6 6. Nbd2 Be7 7. e4 b6 8. Re1 Bb7 9. c3 Qc7 10. a3 h6 11. b4 dxe4 12. dxe4 0-0 13. Qe2 cxb4 14. cxb4 a5 15. b5 Na7 16. Bb2 Rac8 1/2-1/2

[Event "BEL-chT 1011"]
[Site "Belgium"]
[Date "2010.09.26"]
[Round "1.8"]
[White "Huesmann, Thomas"]
[Black "Dal Borgo, Albin"]
[Result "1-0"]
[WhiteElo "2280"]
[BlackElo "2205"]
[PlyCount "113"]
[EventDate "2010.09.26"]
[EventType "team-tourn"]
[EventRounds "11"]
[EventCountry "BEL"]
[SourceTitle "EXT 2012"]
[Source "ChessBase"]
[SourceDate "2011.11.24"]
[SourceVersion "1"]
[SourceVersionDate "2011.11.24"]
[SourceQuality "1"]
[WhiteTeam "Rochade"]
[BlackTeam "Charleroi CREC"]
[WhiteTeamCountry "BEL"]
[BlackTeamCountry "BEL"]

1. e4 e5 2. Nf3 Nc6 3. Bc4 Nf6 4. d3 h6 5. c3 d6 6. Bb3 g6 7. Nbd2 Bg7 8. Nf1 0-0 9. Ne3 Na5 10. Bc2 c5 11. h3 Nc6 12. Nh2 d5 13. Qf3 d4 14. Neg4 h5 15. Nxf6+ Qxf6 16. Qe2 dxc3 17. bxc3 Qh4 18. Bb3 Be6 19. Bxe6 fxe6 20. 0-0 Rad8 21. Nf3 Qe7 22. Bg5 Bf6 23. h4 Rd6 24. Rfd1 Rfd8 25. Rd2 b5 26. Bxf6 Qxf6 27. Qe3 b4 28. Qxc5 bxc3 29. Qxc3 Nd4 30. Nxd4 Rxd4 31. g3 g5 32. hxg5 Qxg5 33. Re1 h4 34. Re3 Rb8 35. Rb2 Rdd8 36. Rxb8 Rxb8 37. Kh2 Rf8 38. Qe1 Rf7 39. Kg2 Rg7 40. Rf3 Qg4 41. Re3 hxg3 42. Rxg3 Qh5 43. Rxg7+ Kxg7 44. Qe3 Qd1 45. Qxa7+ Kg6 46. Qe3 Qc2 47. a3 Qa4 48. Qc5 Kf6 49. Qf8+ Kg6 50. Qg8+ Kf6 51. Qh8+ Kf7 52. Qh5+ Kf6 53. Qh8+ Kf7 54. Qxe5 Qxa3 55. d4 Qc3 56. Qh5+ Kg7 57. Qg4+ 1-0

[Event "Brasschaat op 10th"]
[Site "Brasschaat"]
[Date "2010.08.19"]
[Round "6"]
[White "De Herdt, Yasseen"]
[Black "Dal Borgo, Albin"]
[Result "0-1"]
[WhiteElo "1974"]
[BlackElo "2204"]
[PlyCount "64"]
[EventDate "2010.08.14"]
[EventType "swiss"]
[EventRounds "9"]
[EventCountry "BEL"]
[SourceTitle "CBM 138 Extra"]
[Source "ChessBase"]
[SourceDate "2010.10.29"]
[SourceVersion "1"]
[SourceVersionDate "2010.10.29"]
[SourceQuality "1"]

1. e4 e5 2. Nf3 Nc6 3. Bc4 Nf6 4. Ng5 d5 5. exd5 Na5 6. Bb5+ c6 7. dxc6 bxc6 8. Bd3 Nd5 9. Ne4 Nf4 10. Bf1 f5 11. Nec3 Bc5 12. d3 Ng6 13. Be2 0-0 14. 0-0 Nb7 15. Nd2 Qc7 16. Bh5 Nd8 17. Nc4 Nf7 18. Be3 Be7 19. Bxg6 hxg6 20. f4 g5 21. fxe5 Nxe5 22. Nxe5 Qxe5 23. Qd2 Bd6 24. g3 f4 25. Bf2 Bh3 26. Rfe1 Qf5 27. Ne4 Bc7 28. a4 Rae8 29. Ra3 fxg3 30. hxg3 Qf3 31. Bc5 Bxg3 32. Bxf8 Bxe1 0-1

[Event "Brasschaat op 10th"]
[Site "Brasschaat"]
[Date "2010.08.17"]
[Round "4"]
[White "Dal Borgo, Albin"]
[Black "Peleman, Tony"]
[Result "1-0"]
[WhiteElo "2204"]
[BlackElo "2075"]
[PlyCount "35"]
[EventDate "2010.08.14"]
[EventType "swiss"]
[EventRounds "9"]
[EventCountry "BEL"]
[SourceTitle "CBM 138 Extra"]
[Source "ChessBase"]
[SourceDate "2010.10.29"]
[SourceVersion "1"]
[SourceVersionDate "2010.10.29"]
[SourceQuality "1"]

1. d4 Nf6 2. Bg5 e6 3. e4 Be7 4. Nc3 d5 5. e5 Nfd7 6. Bxe7 Qxe7 7. Nb5 Nb6 8. c3 0-0 9. f4 Bd7 10. Nf3 c5 11. Nd6 cxd4 12. cxd4 Bc6 13. Bd3 f6 14. 0-0 fxe5 15. fxe5 N6d7 16. Qc2 h6 17. Qf2 Nc5 18. Qg3 1-0

[Event "La Fere op"]
[Site "La Fere"]
[Date "2010.07.07"]
[Round "6"]
[White "Vernadet, Cyril"]
[Black "Dal Borgo, Albin"]
[Result "0-1"]
[WhiteElo "1750"]
[BlackElo "2172"]
[PlyCount "60"]
[EventDate "2010.07.03"]
[EventType "swiss"]
[EventRounds "9"]
[EventCountry "FRA"]
[SourceTitle "CBM 137 Extra"]
[Source "ChessBase"]
[SourceDate "2010.09.01"]
[SourceVersion "1"]
[SourceVersionDate "2010.09.01"]
[SourceQuality "1"]

1. d4 d5 2. g3 Nf6 3. f4 c5 4. Bg2 cxd4 5. Nf3 Nc6 6. Nxd4 Qb6 7. c3 e6 8. Qb3 Qd8 9. Qb5 Qc7 10. Nxc6 bxc6 11. Qd3 a5 12. Be3 Ba6 13. Qc2 Ng4 14. Bf2 Nxf2 15. Kxf2 Bc5+ 16. Ke1 0-0 17. Nd2 e5 18. f5 g6 19. b3 e4 20. c4 Qe5 21. Rb1 Bb4 22. e3 dxc4 23. Rf1 cxb3 24. Rxb3 Bxf1 25. Kxf1 Qb5+ 26. Kf2 Qxf5+ 27. Kg1 Bxd2 28. Qxd2 Rab8 29. Qc2 Rxb3 30. axb3 Re8 0-1

[Event "La Fere op"]
[Site "La Fere"]
[Date "2010.07.05"]
[Round "4"]
[White "Ben Porat, Zeev"]
[Black "Dal Borgo, Albin"]
[Result "0-1"]
[WhiteElo "1977"]
[BlackElo "2172"]
[PlyCount "72"]
[EventDate "2010.07.03"]
[EventType "swiss"]
[EventRounds "9"]
[EventCountry "FRA"]
[SourceTitle "CBM 137 Extra"]
[Source "ChessBase"]
[SourceDate "2010.09.01"]
[SourceVersion "1"]
[SourceVersionDate "2010.09.01"]
[SourceQuality "1"]

1. e4 e5 2. Nf3 Nc6 3. Bb5 a6 4. Ba4 Nf6 5. 0-0 Be7 6. Re1 b5 7. Bb3 d6 8. c3 0-0 9. d4 Bg4 10. d5 Na5 11. Nbd2 Nxb3 12. axb3 c6 13. dxc6 Qc7 14. h3 Bc8 15. Nf1 Qxc6 16. Ng3 Re8 17. Bg5 h6 18. Bxf6 Bxf6 19. Qd2 Be6 20. Nh5 Be7 21. b4 Kh7 22. g4 g6 23. Ng3 Rad8 24. Qe3 Bf8 25. Kh2 Bg7 26. Ra5 Bc8 27. Rd1 Bb7 28. Rd5 Qc7 29. Qd2 Bf8 30. Nf1 Qc4 31. Ng3 Bxd5 32. Qxd5 Qxd5 33. exd5 Ra8 34. Nd2 Rec8 35. Nde4 Be7 36. Kg2 Rf8 0-1

[Event "Lille Luce op 1st"]
[Site "Lille"]
[Date "2010.04.04"]
[Round "2"]
[White "Meijers, Viesturs"]
[Black "Dal Borgo, Albin"]
[Result "1/2-1/2"]
[WhiteElo "2476"]
[BlackElo "2172"]
[PlyCount "92"]
[EventDate "2010.04.03"]
[EventType "swiss"]
[EventRounds "9"]
[EventCountry "FRA"]
[SourceTitle "EXT 2011"]
[Source "ChessBase"]
[SourceDate "2010.11.26"]
[SourceVersion "1"]
[SourceVersionDate "2010.11.26"]
[SourceQuality "1"]

1. e4 e5 2. Nf3 Nc6 3. Bb5 a6 4. Bxc6 dxc6 5. 0-0 Be7 6. Nc3 Bf6 7. d3 Ne7 8. Bg5 Ng6 9. Qd2 Bg4 10. Bxf6 Qxf6 11. Ne1 0-0 12. h3 Be6 13. Ne2 c5 14. b3 a5 15. a4 b6 16. Rd1 Rad8 17. f4 exf4 18. Nxf4 Nxf4 19. Rxf4 Qb2 20. Nf3 f6 21. h4 c4 22. bxc4 Bxc4 23. Rf1 Be6 24. d4 Bd7 25. e5 fxe5 26. Nxe5 Bxa4 27. Rxf8+ Rxf8 28. Rxf8+ Kxf8 29. Qf4+ Ke8 30. Qf7+ Kd8 31. Qg8+ Be8 32. Nc6+ Kd7 33. Qd5+ Kc8 34. Ne7+ Kb8 35. Qd8+ Kb7 36. Qc8+ Ka7 37. Qxc7+ Ka6 38. c3 Qc1+ 39. Kh2 Qe1 40. Qc4+ Bb5 41. Qc8+ Ka7 42. Qc7+ Ka6 43. Nf5 Bd3 44. Qc8+ Ka7 45. Qc7+ Ka6 46. Qc8+ Ka7 1/2-1/2

[Event "Roux CREC op"]
[Site "Roux"]
[Date "2009.08.01"]
[Round "9"]
[White "Dal Borgo, Albin"]
[Black "Capone, Nicola"]
[Result "1-0"]
[WhiteElo "2180"]
[BlackElo "1851"]
[PlyCount "119"]
[EventDate "2009.07.25"]
[EventType "swiss"]
[EventRounds "9"]
[EventCountry "BEL"]
[SourceTitle "EXT 2010"]
[Source "ChessBase"]
[SourceDate "2010.11.25"]
[SourceVersion "1"]
[SourceVersionDate "2010.11.25"]
[SourceQuality "1"]

1. d4 Nf6 2. Bg5 c5 3. Bxf6 gxf6 4. d5 Qb6 5. Qc1 f5 6. c4 Bg7 7. Nc3 d6 8. e3 Nd7 9. Qc2 Ne5 10. Nf3 Bd7 11. Nxe5 Bxe5 12. Bd3 h5 13. g3 e6 14. h4 0-0-0 15. 0-0-0 Qa5 16. Kb1 Bxc3 17. Qxc3 Qxc3 18. bxc3 e5 19. Be2 Rde8 20. Bf3 Kb8 21. Kc1 Bc8 22. Kd2 b6 23. Be2 Ba6 24. Bd3 e4 25. Be2 Reg8 26. a4 Kc7 27. Ra1 Rb8 28. Rhf1 Rh7 29. f3 Rg8 30. fxe4 fxe4 31. Rf4 Rxg3 32. Raf1 Rgg7 33. Rxe4 Kd7 34. Rf2 Bc8 35. Bd3 Rh8 36. Bf1 Rhh7 37. Bh3+ Kd8 38. Bxc8 Kxc8 39. Re7 Rg4 40. Rf6 Rxc4 41. Rxd6 Rxa4 42. Rc6+ Kb8 43. d6 Rh8 44. Rec7 Rg4 45. d7 Rgg8 46. c4 Rd8 47. Kc3 Rhg8 48. Kb3 Rh8 49. Ka4 a6 50. Kb3 Rhg8 51. e4 Rh8 52. Kc2 Rhg8 53. Kd3 Rg3+ 54. Ke2 Rgg8 55. Kf3 Rh8 56. Kf4 Rhg8 57. Kf5 Rh8 58. e5 Rhg8 59. Kf6 Rg6+ 60. Ke7 1-0

[Event "Roux CREC op"]
[Site "Roux"]
[Date "2009.07.28"]
[Round "5"]
[White "Dal Borgo, Albin"]
[Black "Hulpia, Fabian"]
[Result "0-1"]
[WhiteElo "2180"]
[BlackElo "2028"]
[PlyCount "74"]
[EventDate "2009.07.25"]
[EventType "swiss"]
[EventRounds "9"]
[EventCountry "BEL"]
[SourceTitle "EXT 2010"]
[Source "ChessBase"]
[SourceDate "2010.11.25"]
[SourceVersion "1"]
[SourceVersionDate "2010.11.25"]
[SourceQuality "1"]

1. d4 d5 2. Nf3 Nf6 3. e3 c6 4. c4 a6 5. Nc3 b5 6. b3 Bg4 7. h3 Bh5 8. g4 Bg6 9. Ne5 e6 10. h4 Bb4 11. Bd2 Bxc3 12. Bxc3 Ne4 13. Bb4 f6 14. Nxg6 hxg6 15. Bd3 f5 16. Qf3 Rxh4 17. Ke2 Kf7 18. Rxh4 Qxh4 19. Rh1 Qd8 20. Qf4 a5 21. Be1 bxc4 22. bxc4 Nd7 23. f3 Nef6 24. e4 Qb8 25. Qe3 dxe4 26. fxe4 Nxg4 27. Qc1 Qd6 28. Bc3 Qg3 29. Qg1 Qxg1 30. Rxg1 Rh8 31. Rg2 Rh3 32. Bxa5 fxe4 33. Bb1 Ndf6 34. Bd2 Ra3 35. Bb4 Re3+ 36. Kd2 Rh3 37. Bc2 Ne3 0-1

[Event "Roux CREC op"]
[Site "Roux"]
[Date "2009.07.26"]
[Round "1"]
[White "Dal Borgo, Albin"]
[Black "Demeirleir, Alain"]
[Result "1-0"]
[WhiteElo "2180"]
[BlackElo "1787"]
[PlyCount "103"]
[EventDate "2009.07.25"]
[EventType "swiss"]
[EventRounds "9"]
[EventCountry "BEL"]
[SourceTitle "EXT 2010"]
[Source "ChessBase"]
[SourceDate "2010.11.25"]
[SourceVersion "1"]
[SourceVersionDate "2010.11.25"]
[SourceQuality "1"]

1. d4 c5 2. e3 Nf6 3. Nf3 cxd4 4. exd4 g6 5. Bd3 Bg7 6. 0-0 0-0 7. b3 Re8 8. Bb2 d5 9. c4 Bg4 10. Nbd2 Nc6 11. h3 Bd7 12. a3 Qc8 13. Re1 Bxh3 14. gxh3 Qxh3 15. Bf1 Qg4+ 16. Bg2 Nh5 17. Ne5 Nxe5 18. dxe5 Qg5 19. Nf3 Qg4 20. Nh2 Qxd1 21. Rexd1 dxc4 22. bxc4 Rac8 23. Bf1 Red8 24. Ng4 Nf4 25. Ne3 h5 26. Nd5 Nxd5 27. cxd5 Rc2 28. Rab1 b6 29. Bd3 Rc5 30. Be4 Rb5 31. Bc3 Rc5 32. Bd4 Ra5 33. Rb3 e6 34. dxe6 fxe6 35. Rbd3 Bxe5 36. Bxe5 Rxd3 37. Rxd3 Rxe5 38. Bxg6 h4 39. Be8 Ra5 40. Kg2 Kf8 41. Bd7 Ke7 42. Kh3 Rf5 43. f3 Rf4 44. Bc6 Rc4 45. Be4 e5 46. Kxh4 Ke6 47. Kg5 Rc7 48. Bd5+ Kd6 49. Kf6 Rc5 50. Be4+ Kc7 51. Ke6 Ra5 52. Bd5 1-0

[Event "BEL-ch op"]
[Site "Namur"]
[Date "2009.07.08"]
[Round "5"]
[White "Giadrosic, Dinko"]
[Black "Dal Borgo, Albin"]
[Result "0-1"]
[WhiteElo "2004"]
[BlackElo "2168"]
[PlyCount "60"]
[EventDate "2009.07.04"]
[EventType "swiss"]
[EventRounds "9"]
[EventCountry "BEL"]
[SourceTitle "EXT 2010"]
[Source "ChessBase"]
[SourceDate "2010.11.25"]
[SourceVersion "1"]
[SourceVersionDate "2010.11.25"]
[SourceQuality "1"]

1. d4 d5 2. c3 Nf6 3. Bg5 c6 4. Bxf6 exf6 5. Qc2 f5 6. e3 Bd6 7. g3 Be6 8. Bd3 g6 9. h4 Nd7 10. Ne2 Nf6 11. Nd2 Ne4 12. Bxe4 fxe4 13. Nf4 Qd7 14. Nxe6 fxe6 15. 0-0-0 0-0-0 16. b4 Rdf8 17. Nb3 b6 18. a4 Rf3 19. Kb2 Rhf8 20. Rd2 Qf7 21. Rh2 Kb7 22. b5 cxb5 23. axb5 Qd7 24. c4 dxc4 25. Qxc4 Rc8 26. Qa4 Rf5 27. d5 Rxd5 28. Qxe4 Qxb5 29. f4 Qa6 30. Nd4 Qa3+ 0-1

[Event "BEL FEFB-ch op"]
[Site "Fontaine l'Eveque"]
[Date "2009.05.31"]
[Round "4"]
[White "Dal Borgo, Albin"]
[Black "Burnay, Gerard"]
[Result "1-0"]
[WhiteElo "2180"]
[BlackElo "1850"]
[PlyCount "75"]
[EventDate "2009.05.29"]
[EventType "swiss"]
[EventRounds "7"]
[EventCountry "BEL"]
[SourceTitle "EXT 2012"]
[Source "ChessBase"]
[SourceDate "2011.11.24"]
[SourceVersion "1"]
[SourceVersionDate "2011.11.24"]
[SourceQuality "1"]

1. d4 d5 2. Bf4 Nf6 3. e3 Bf5 4. c4 c6 5. Nc3 e6 6. Qb3 b6 7. Nf3 Bd6 8. Bxd6 Qxd6 9. cxd5 exd5 10. Rc1 0-0 11. Be2 Nbd7 12. 0-0 h6 13. Rfd1 Rfe8 14. Qa4 a6 15. a3 b5 16. Qb4 Qe6 17. Qa5 Qd6 18. Na2 c5 19. dxc5 Nxc5 20. Qb4 Nfe4 21. Nc3 a5 22. Nxe4 Nxe4 23. Qxd6 Nxd6 24. Rxd5 Re6 25. Rcd1 Ra6 26. Nd4 Rf6 27. Nxb5 Nxb5 28. Rxb5 Ra8 29. Rdd5 Be6 30. Rd4 a4 31. Bd1 Ra7 32. Rxa4 Rc7 33. Rd4 Rc1 34. h3 Ba2 35. Rd2 Rfc6 36. Kh2 g6 37. Bf3 Rc7 38. Rb7 1-0